John Waters Filmography - Statistics

General Stats
  • This quiz has been taken 25 times
    12 since last reset
  • The average score is 32 of 140
Answer Stats
Type Year Name % Correct
Cameo | Film Director | Film Production | Film Screenplay 1988 | 2007 Hairspray
100%
Cameo | Film Cinematography | Film Director | +3 others 1972 Pink Flamingos
90%
Film Director | Film Screenplay 1990 Cry-Baby
70%
Film Cinematography | Film Director | Film Editor | +2 others 1974 Female Trouble
70%
Cameo | Film Director | Film Screenplay 1994 Serial Mom
70%
Film Cinematography | Film Director | Film Production | Film Screenplay 1977 Desperate Living
60%
Film Director | Film Production | Film Screenplay 1981 Polyester
60%
Film Cinematography | Film Director | Film Editor | +2 others 1970 Multiple Maniacs
50%
Cameo | Film Director | Film Screenplay 2000 Cecil B. Demented
40%
Cameo | Film Cinematography | Film Director | +3 others 1969 Mondo Trasho
40%
Film Director | Film Screenplay 2004 A Dirty Shame
30%
Film Cinematography | Film Director | Film Editor | +2 others 1968 Eat Your Makeup
30%
Cameo | Film Director | Film Screenplay 1998 Pecker
30%
Cameo 1997 The Simpsons
20%
Cameo 2024 Chucky
10%
Film Starring Role 2012 Excision
10%
Cameo 2017 Feud
10%
Short Film Cinematography | Short Film Director | Short Film Editor | +2 others 1964 Hag in a Black Leather Jacket
10%
Cameo 2020, 2021 Law & Order: Special Victims Unit
10%
Short Film Cinematography | Short Film Director | Short Film Editor | +2 others 1970 The Diane Linkletter Story
10%
Cameo 1990 21 Jump Street
0%
TV Show Appearance 2007 Ace of Cakes
0%
Cameo 2015 Alvin and the Chipmunks: The Squeakquel
0%
Cameo 1998 Anarchy TV
0%
Film Starring Role TBA Baltigore
0%
Documentary Series 1998 Behind the Music
0%
Documentary Series 2004 Biography
0%
Cameo 2002 Blood Feast 2: All U Can Eat
0%
Short Film Starring Role 2023 Boomslang 3: Your Future
0%
Cameo 2021 Bubble Guppies
0%
Documentary Series 2009 Celebrity Ghost Stories
0%
Cameo 2016 Clarence
0%
Documentary 1985 Divine Waters
0%
Short Film Director | Short Film Screenplay 1968 Dorothy, the Kansas City Pot Head
0%
Cameo 2007 Each Time I Kill
0%
Documentary Series 1999, 2002 E! True Hollywood Story
0%
Documentary Series 2019 Explained
0%
Cameo 1994 Family Album
0%
Documentary Series 2021 Finding Your Roots with Henry Louis Gates, Jr.
0%
Cameo 2012 Fish Hooks
0%
Cameo 1998 Frasier
0%
Documentary Series 2015-2017 Groundbreakers
0%
Short Documentary 1993 Growing Up with John Waters
0%
TV Film Production 2016 Hairspray Live!
0%
Cameo 2024 Helluva Boss
0%
Cameo 1989 Homer and Eddie
0%
Cameo 1993, 1995 Homicide: Life on the Street
0%
TV Documentary 2000 In Bad Taste
0%
Film Narrator 2007 In the Land of Merry Misfits
0%
Documentary Series 1999 Intimate Portrait
0%
Film Director | Film Screenplay 2015 Kiddie Flamingos
0%
Cameo 2023 King Star King
0%
Film Director | Film Screenplay TBA Liarmouth: A Feel-Bad Romance
0%
Cameo 2018 Liverspots and Astronots
0%
TV Show Starring Role 2006-2007 Love You to Death
0%
Documentary 2022 Lynch/Oz
0%
Film Starring Role 2011 Mangus!
0%
Cameo 2013, 2018 Mickey Mouse
0%
Cameo 2024 Monster High
0%
Cameo 2014 Mr. Pickles
0%
Film Starring Role 2018 Mugworth
0%
Cameo 2007 My Name Is Earl
0%
Documentary 2012 Of Dolls and Murder
0%
Documentary 2004 Plagues and Pleasures on the Salton Sea
0%
Short Film Cinematography | Short Film Director | Short Film Editor | +2 others 1967 Roman Candles
0%
TV Show Appearance 2015 RuPaul's Drag Race
0%
Commercial 2024 Saint Laurent
0%
Cameo 2011 Saturday Night Live
0%
Cameo 2022 Search Party
0%
Film Starring Role 2004 Seed of Chucky
0%
Documentary Mini-Series 2008 Sex: The Revolution
0%
Cameo 1986 Something Wild
0%
Film Starring Role 2014 Suburban Gothic
0%
Cameo 2011 Superjail!
0%
Cameo 1999 Sweet and Lowdown
0%
Documentary Mini-Series 2022 The Andy Warhol Diaries
0%
Cameo 2018 The Blacklist
0%
Music Video 2011 The Creep
0%
Award Show 2001-2004 The IFP/West Independent Spirit Awards
0%
Cameo 2022 The Marvelous Mrs. Maisel
0%
Documentary Series 2016 The New Yorker Presents
0%
Cameo 2024, 2025 The Second Best Hospital in the Galaxy
0%
Documentary 2008 The Wild World of Ted V. Mikels
0%
Documentary 2006 This Filthy World
0%
Documentary 2016 Wall Writers
0%
Cameo 1998 Welcome to Hollywood
0%
No matching quizzes found
Score Distribution
Percent of People with Each Score
Percentile by Number Answered
Your Score History
You have not taken this quiz since the last reset